Statistiken für Alle Trainer der 1-3 Liga Deutschland

Klicken Sie hier um das Quiz zu spielen!

Allgemein

  • Dieses Quiz wurde 195 mal gespielt
    (11 seit der letzten Aktualisierung)
  • Das Durchschnittsergebnis liegt bei 28 aus 56

Antwortstatistiken

VereinTrainer% Korrekt
RB LeipzigMarco Rose
100%
FC Bayern MünchenThomas Tuchel
100%
SC FreiburgChristian Streich
90%
Borussia DortmundEdin Terzic
90%
VfL WolfsburgNiko Kovac
90%
VfB StuttgartSebastian Hoeneß
90%
Eintracht FrankfurtDino Toppmöller
80%
Bayer 04 LeverkusenXabi Alonso
80%
Bor. MönchengladbachGerardo Seoane
70%
Hertha BSCPal Dardai
70%
VfL BochumThomas Letsch
70%
SV Darmstadt 98Torsten Lieberknecht
70%
1. FC KaiserslauternDimitrios Grammozis
60%
FC St. PauliFabian Hürzeler
60%
1. FC HeidenheimFrank Schmidt
60%
Werder BremenOle Werner
60%
TSG HoffenheimPellegrino Matarazzo
60%
1. FC KölnTimo Schultz
60%
Hamburger SVTim Walter
60%
Karlsruher SCChristian Eichner
50%
1. FC MagdeburgChristian Titz
50%
1. FC NürnbergCristian Fiel
50%
Fortuna DüsseldorfDaniel Thioune
50%
FC AugsburgJess Thorup
50%
SC Paderborn 07Lukas Kwasniok
50%
Holstein KielMarcel Rapp
50%
Dynamo DresdenMarkus Anfang
50%
Arminia BielefeldMichel Kniat
50%
1. FC Union BerlinNenad Bjelica
50%
Hannover 96Stefan Leitl
50%
SpVgg Greuther FürthAlexander Zorniger
40%
Rot-Weiss EssenChristoph Dabrowski
40%
Eintracht BraunschweigDaniel Scherning
40%
SV ElversbergHorst Steffen
40%
1. FSV Mainz 05Jan Siewert
40%
Borussia Dortmund IIJan Zimmermann
40%
SV SandhausenJens Keller
40%
Jahn RegensburgJoe Enochs
40%
SV Wehen WiesbadenMarkus Kauczinski
40%
Hansa RostockMerzad Selimbegovic
40%
FC Ingolstadt 04Michael Köllner
40%
FC Viktoria KölnOlaf Janßen
40%
Erzgebirge AuePavel Dotchev
40%
VfL OsnabrückUwe Koschinat
40%
SC VerlAlexander Ende
30%
MSV DuisburgBoris Schommers
30%
FC Schalke 04Karel Geraerts
30%
SV Waldhof MannheimMarco Antwerpen
30%
1. FC SaarbrückenRüdiger Ziehl
30%
Preußen MünsterSascha Hildmann
30%
Hallescher FCSreto Ristic
30%
SC Freiburg IIThomas Stamm
30%
VFB LübeckFlorian Schnorrenberg
20%
SpVgg UnterhachingMarc Unterberger
20%
TSV 1860 MünchenArgirios Giannikis
10%
SSV Ulm 1846 FußballThomas Wörle
10%

Verteilung der Resultate

Perzentil nach korrekt beantworteten Fragen

Anzahl Personen mit jedem Resultat

Ihre Resultats-Entwicklung

Sie haben dieses Quiz seit der letzten Aktualisierung nicht gespielt